[Event "DEN-ch cand"]
[Site "Svendborg"]
[Date "2015.04.05"]
[Round "6"]
[White "Furrer, Christian"]
[Black "Thybo, Jesper Sondergaard"]
[Result "0-1"]
[WhiteElo "2147"]
[BlackElo "2250"]
[PlyCount "84"]
[EventDate "2015.03.31"]
[EventType "swiss"]
[EventRounds "7"]
[EventCountry "DEN"]
[SourceTitle "EXT 2018"]
[Source "ChessBase"]
[SourceDate "2017.10.13"]
[SourceVersion "1"]
[SourceVersionDate "2017.10.13"]
[SourceQuality "1"]

1. d4 Nf6 2. c4 g6 3. Nc3 d5 4. cxd5 Nxd5 5. e4 Nxc3 6. bxc3 Bg7 7. Bc4 c5 8. Ne2 Nc6 9. Be3 0-0 10. 0-0 Qc7 11. Rb1 Rd8 12. Qc1 e6 13. Bf4 e5 14. Bg5 Rf8 15. dxc5 Na5 16. Bd5 Qxc5 17. Ng3 Be6 18. Bxe6 fxe6 19. Qd2 Rf7 20. Be3 Qc7 21. Rfd1 Bf8 22. Nf1 b6 23. Rbc1 Nc4 24. Qe2 Rc8 25. Rd3 Qc6 26. f3 Qa4 27. Qc2 Qa6 28. Kh1 Ba3 29. Rcd1 Nb2 30. Rd8+ Kg7 31. Qc1 Re7 32. R1d7 Nd3 33. Qd2 Nf4 34. Ng3 Rxd8 35. Rxd8 Qb5 36. h4 Rf7 37. Ne2 Qxe2 38. Bxf4 Qf1+ 39. Kh2 exf4 40. Qd4+ Kh6 41. Qe5 Be7 42. Rd7 Bxh4 0-1

[Event "DEN-ch cand"]
[Site "Svendborg"]
[Date "2015.04.02"]
[Round "3"]
[White "Matthiesen, Martin"]
[Black "Furrer, Christian"]
[Result "1/2-1/2"]
[WhiteElo "2297"]
[BlackElo "2147"]
[PlyCount "161"]
[EventDate "2015.03.31"]
[EventType "swiss"]
[EventRounds "7"]
[EventCountry "DEN"]
[SourceTitle "EXT 2018"]
[Source "ChessBase"]
[SourceDate "2017.10.13"]
[SourceVersion "1"]
[SourceVersionDate "2017.10.13"]
[SourceQuality "1"]

1. d4 Nf6 2. Nf3 g6 3. c4 Bg7 4. Nc3 0-0 5. e4 d6 6. Be2 e5 7. d5 Na6 8. Nd2 h5 9. Nf3 Nc5 10. Ng5 a5 11. g3 c6 12. 0-0 Ng4 13. Kg2 f6 14. Nh3 f5 15. exf5 Bxf5 16. f3 Nf6 17. Be3 cxd5 18. cxd5 Rc8 19. Nf2 e4 20. Qd2 Qd7 21. Rac1 exf3+ 22. Bxf3 Ng4 23. Bxg4 Bxg4 24. Bd4 Bf3+ 25. Kg1 Rce8 26. Rce1 b5 27. Bxg7 Kxg7 28. Rxe8 Qxe8 29. Nh3 b4 30. Ng5 Bg4 31. Re1 Qd8 32. Nce4 Nxe4 33. Rxe4 Qf6 34. Re1 Bd7 35. Ne4 Qe5 36. Ng5 Qf6 37. a3 bxa3 38. bxa3 a4 39. Ne4 Qe5 40. Nc5 Qf5 41. Qd4+ Kg8 42. Ne4 Qe5 43. Qxe5 dxe5 44. Nc5 Bh3 45. Nxa4 Ra8 46. Nc5 Ra5 47. Ne4 Bf5 48. Nd6 Rxd5 49. Nc4 e4 50. Ra1 Rd4 51. Ne3 Bd7 52. Rd1 Rxd1+ 53. Nxd1 Kg7 54. Nc3 Bc6 55. Kf2 Kf6 56. a4 Kg5 57. h3 h4 58. g4 Kf4 59. Ne2+ Ke5 60. a5 Bb5 61. Ke3 Ba6 62. Nc3 Bd3 63. Na4 Kd6 64. Nc3 Ke5 65. Na2 Kd6 66. Nb4 Bf1 67. Kxe4 Bxh3 68. g5 Bg2+ 69. Kf4 h3 70. Kg3 Ke5 71. Nd3+ Kd4 72. Nf2 Kc5 73. Nxh3 Be4 74. Kf4 Bc2 75. Ke5 Kb5 76. Kf6 Kxa5 77. Nf4 Kb6 78. Nxg6 Kc7 79. Ne7 Bh7 80. Ke6 Kd8 81. Kf7 1/2-1/2

[Event "Copenhagen Bronshoj-ch"]
[Site "Copenhagen"]
[Date "2014.03.06"]
[Round "1"]
[White "Petersen, Steen"]
[Black "Furrer, Christian"]
[Result "0-1"]
[WhiteElo "2063"]
[BlackElo "2082"]
[PlyCount "70"]
[EventDate "2014.03.06"]
[EventType "tourn"]
[EventRounds "9"]
[EventCountry "DEN"]
[SourceTitle "EXT 2016"]
[Source "ChessBase"]
[SourceDate "2015.10.08"]
[SourceVersion "1"]
[SourceVersionDate "2015.10.08"]
[SourceQuality "1"]

1. e4 e6 2. d4 d5 3. Nc3 Bb4 4. e5 c5 5. a3 Bxc3+ 6. bxc3 Ne7 7. Qg4 Qc7 8. Qxg7 Rg8 9. Qxh7 cxd4 10. Ne2 Nbc6 11. f4 dxc3 12. Qd3 d4 13. Nxd4 Nxd4 14. Qxd4 Bd7 15. Rg1 Nf5 16. Qf2 Qc6 17. Bd3 Qd5 18. Be3 Nxe3 19. Qxe3 Rxg2 20. Rxg2 Qxg2 21. Be4 Qg4 22. Qg3 Qxg3+ 23. hxg3 Ba4 24. Rb1 Rb8 25. Rb4 b5 26. Rd4 Ke7 27. Ke2 Rg8 28. Rd3 Bxc2 29. Rd4 Bxe4 30. Rxe4 Rxg3 31. a4 c2 32. Kd2 Rc3 33. Kc1 bxa4 34. Rxa4 Rc7 35. Ra6 Kf8 0-1

[Event "DEN-chB"]
[Site "Hillerod"]
[Date "2010.04.05"]
[Round "7"]
[White "Furrer, Christian"]
[Black "Ochsner, Bjorn Moller"]
[Result "1/2-1/2"]
[WhiteElo "2010"]
[BlackElo "2178"]
[PlyCount "187"]
[EventDate "2010.03.30"]
[EventType "swiss"]
[EventRounds "7"]
[EventCountry "DEN"]
[SourceTitle "CBM 135 Extra"]
[Source "ChessBase"]
[SourceDate "2010.05.04"]
[SourceVersion "1"]
[SourceVersionDate "2010.05.04"]
[SourceQuality "1"]

1. d4 Nf6 2. c4 g6 3. g3 Bg7 4. Bg2 0-0 5. Nf3 d6 6. 0-0 Nbd7 7. Nc3 e5 8. e4 exd4 9. Nxd4 Re8 10. Re1 a6 11. h3 Rb8 12. Rb1 Ne5 13. b3 c5 14. Nc2 Nc6 15. Be3 b5 16. cxb5 axb5 17. b4 Be6 18. e5 Nxe5 19. bxc5 dxc5 20. Rxb5 Rxb5 21. Nxb5 Qa5 22. Nd6 Rd8 23. Bf4 Nc4 24. Nxc4 Bxc4 25. Qc1 Bxa2 26. Re3 Bd5 27. Ra3 Qb6 28. Be5 Bxg2 29. Kxg2 Qc6+ 30. f3 Nh5 31. Bxg7 Nxg7 32. Ne3 Ne6 33. Nc4 Qb5 34. Rc3 Nd4 35. Re3 Ra8 36. h4 Ra2+ 37. Kh3 Rc2 38. Qe1 Qd7+ 39. g4 Ne6 40. Re4 Qd3 41. Ne5 Qd2 42. Qxd2 Rxd2 43. Kg3 Kg7 44. g5 Rc2 45. Ra4 Re2 46. Ng4 Rd2 47. Ne5 Rd5 48. Ng4 Rd4 49. Ra8 c4 50. Rc8 Nd8 51. Ne5 h6 52. Rxc4 Rd5 53. gxh6+ Kxh6 54. Rc8 Kg7 55. Ng4 Ne6 56. Rc4 Rd2 57. Ne3 Rd3 58. Ng4 Nd4 59. Ne5 Nf5+ 60. Kf4 Rd4+ 61. Rxd4 Nxd4 62. Nd3 Kh6 63. Ne5 Ne6+ 64. Kg3 f5 65. Nd7 Nd4 66. Nf6 Ne2+ 67. Kf2 Nc3 68. Kg3 Kg7 69. Nd7 Nd5 70. Ne5 Kh6 71. Nd3 Kh5 72. f4 Nc3 73. Ne5 Ne2+ 74. Kf3 Nd4+ 75. Kg3 Kh6 76. Nd3 Kg7 77. Ne5 Ne2+ 78. Kf3 Nc3 79. Kg3 Nd5 80. Nd3 Kf6 81. Ne5 Ne7 82. Nf3 Nc6 83. Kh3 Ne7 84. Kg3 Ke6 85. h5 gxh5 86. Kh4 Ng6+ 87. Kg5 Nxf4 88. Kxf4 h4 89. Nxh4 Kf6 90. Ng2 Kg6 91. Ne1 Kh5 92. Nd3 Kh4 93. Nc5 Kh3 94. Kxf5 1/2-1/2

[Event "DEN-chB"]
[Site "Hillerod"]
[Date "2010.04.03"]
[Round "5"]
[White "Eriksson, Christian Altenburg"]
[Black "Furrer, Christian"]
[Result "1/2-1/2"]
[WhiteElo "2158"]
[BlackElo "2010"]
[PlyCount "139"]
[EventDate "2010.03.30"]
[EventType "swiss"]
[EventRounds "7"]
[EventCountry "DEN"]
[SourceTitle "CBM 135 Extra"]
[Source "ChessBase"]
[SourceDate "2010.05.04"]
[SourceVersion "1"]
[SourceVersionDate "2010.05.04"]
[SourceQuality "1"]

1. e4 e6 2. d4 d5 3. Nc3 Bb4 4. e5 c5 5. a3 Bxc3+ 6. bxc3 Qa5 7. Bd2 Qa4 8. Qb1 c4 9. g3 Nc6 10. Bh3 Bd7 11. Ne2 0-0-0 12. 0-0 h6 13. Nf4 g6 14. Qb2 Nge7 15. Rfb1 b6 16. Qc1 Kc7 17. Ng2 Rh7 18. Ra2 Rg8 19. Ne3 h5 20. Ng2 Nf5 21. Bg5 Qa5 22. Bxf5 exf5 23. Qe3 Nd8 24. Bf6 Ne6 25. h4 Rb8 26. Re1 Bc6 27. Rb1 Qa6 28. Nf4 Qc8 29. Be7 Rb7 30. Bd6+ Kd8 31. a4 a6 32. Rab2 Nxf4 33. Qxf4 b5 34. Qg5+ Ke8 35. axb5 Bxb5 36. Bb4 Qe6 37. Rf1 Kd7 38. Kg2 Rb8 39. Bd6 Rg8 40. Bc5 Rc8 41. Ra1 Rb8 42. Bd6 Rb7 43. Qc1 Rh8 44. Qb1 Rc8 45. Qa2 f4 46. Qb1 fxg3 47. fxg3 f5 48. Qc1 Qf7 49. Qg5 Ke6 50. Rf1 Rg8 51. Rf2 Qh7 52. Qf6+ Kd7 53. Bf8 Ke8 54. Bc5 Qf7 55. Re2 Qxf6 56. exf6+ Kf7 57. Re7+ Rxe7 58. fxe7 Rc8 59. Bb4 Rc6 60. Kf2 Re6 61. Bc5 Re4 62. Rb1 Re6 63. Kf3 Re4 64. Rf1 Ke8 65. Rf2 Kf7 66. Re2 Rxe2 67. Kxe2 Kf6 68. Kf3 Ba4 69. Kf4 Bb5 70. Bb4 1/2-1/2